000 01132nmc a2200349 a 4500
003 AR-BaBNM
005 20251128204930.0
008 276019s1995 ||||||||||||||000 | spa||
020 _a84-277-0869-6
040 _cAR-BaBNM
245 1 0 _aDiseñar y enseñar
_bteoría y técnica de la programación y del proyecto docente
250 _a2ª ed.
260 _aMadrid
_bNarcea
_c1995
300 0 _a352 p.
_btablas, diagr.
490 0 _aEducación hoy. Estudios
500 0 _aEl libro remite al tema del "diseño instruccional" y establece relaciones con la programación de la enseñanza y el proyecto docente.
504 _aBibliografía: P. 343-350
650 4 _aCURRICULO
650 4 _aMEDIOS DE ENSENANZA
650 4 _aELABORACION DEL PLAN DE ESTUDIOS
650 4 _aMETODOS DE ENSENANZA
650 4 _aTOMA DE DECISIONES
650 4 _aOBJETIVOS EDUCACIONALES
650 4 _aOBJETIVOS AFECTIVOS
650 4 _aFORMACION DE DOCENTES
650 4 _aENSENANZA UNIVERSITARIA
651 4 _aEspaña
653 0 _aEDUCACION GENERAL BASICA
700 1 _aHernández, Pedro
_edirector
942 _cBK
998 _cSILVI
999 _c9382
_d9382